Statistics for Какие страны входили в Лигу Наций?

Click here to take the quiz!

General Stats

  • This quiz has been taken 274 times
  • The average score is 35 of 62

Answer Stats

ГодыСтрана% Correct
1920-1941гг.Франция
87%
1920-1946гг.Великобритания
86%
1934-1939гг.СССР
86%
1920-1939гг.Испания
84%
1920-1933гг.Япония
81%
1920-1937гг.Италия
80%
1920-1946гг.Канада
77%
1920-1939гг.Польша
77%
1932-1946гг.Турция
77%
1920-1946гг.Швеция
76%
1920-1938гг.Австрия
76%
1920-1946гг.Португалия
75%
1920-1946гг.Финляндия
74%
1920-1946гг.Норвегия
73%
1922-1939гг.Венгрия
73%
1920-1926гг.Бразилия
72%
1920-1940гг.Греция
71%
1920-1940гг.Дания
71%
1920-1941гг. 1944-1946гг.Югославия
70%
1920-1940гг.Румыния
70%
1920-1940гг.Нидерланды
69%
1920-1940гг.Бельгия
69%
1920-1946гг.Австралия
68%
1920-1939гг.Чехословакия
68%
1920-1921гг. 1933-1946гг.Аргентина
68%
1923-1946гг.Ирландия
65%
1931-1946гг.Мексика
65%
1920-1946гг.Швейцария
64%
1920-1946гг.Болгария
64%
1920-1942гг.Люксембург
63%
1920-1938гг.Чили
60%
1920-1946гг.Иран
58%
1921-1940гг.Эстония
57%
1921-1940гг.Литва
57%
1921-1940гг.Латвия
57%
1920-1939гг.Перу
56%
1920-1939гг.Албания
56%
1920-1946гг.Колумбия
55%
1920-1946гг.Куба
55%
1920-1938гг.Венесуэла
53%
1932-1946гг.Ирак
51%
1937-1946гг.Египет
50%
1920-1946гг.Уругвай
49%
1920-1935гг.Парагвай
47%
1920-1946гг.Боливия
47%
1920-1946гг.Панама
47%
1934-1946гг.Эквадор
44%
1920-1946гг.Новая Зеландия
43%
1934-1946гг.Афганистан
40%
1923-1936гг.Эфиопия
39%
1920-1937гг.Сальвадор
37%
1920-1936гг.Гондурас
37%
1920-1936гг.Никарагуа
36%
1920-1936гг.Гватемала
32%
1920-1925гг.Коста-Рика
32%
1920-1942гг.Гаити
27%
1920-1946гг.Таиланд
24%
1920-1946гг.Либерия
22%
1924-1946гг.Доминиканская Республика
17%
1920-1946гг.Китайская Республика
14%
1920-1946гг.ЮАС
13%
1926-1933гг.Веймарская Республика
8%

Score Distribution

Percentile by Number Answered

Percent of People with Each Score

Your Score History

You have not taken this quiz